000 00689nam a2200241Ia 4500
003 OSt
005 20220926042401.0
006 a|||||r|||| 00| 0
007 ta
008 220923b |||||||| |||| 00| 0 eng d
037 _cGeneral Book
040 _aRTL
_cRTL
_beng
041 _2eng
_aeng
082 _aD2og(X).2.165H.N5, K0
100 _aSovani N V
_9126620
245 0 _aEconomics of a multiple purpose river dam
260 _c1960
490 _aGokhale institute of Politics and Economics, 38
650 _aEngineering
_92968
700 _a Rath N
_9346199
942 _hD2og(X).2.165H.N5, K0
_cGB
_2CC
999 _c669596
_d669596